| 000 | 00371nam a22001457a 4500 | ||
|---|---|---|---|
| 003 | macl | ||
| 005 | 20181101155813.0 | ||
| 008 | 181101b xxu||||| |||| 00| 0 eng d | ||
| 040 | _cmacl | ||
| 100 |
_aArihant _973128 |
||
| 245 | _aAFCAT Air Force Common Adm. Test. (online) | ||
| 260 |
_aDelhi _bArihant Publication _c2018 |
||
| 650 |
_aAir force _93797 |
||
| 942 |
_2ddc _cBK |
||
| 999 |
_c58520 _d58520 |
||